000 00386nam a2200145Ia 4500
008 211118s9999||||xx |||||||||||||| ||und||
082 _a894.8124
_bBAL-M
100 _aBalakrishnan, C V
245 0 _aMechil Sthalangal
260 _bD c Books
_aKottayam
_c2000
300 _a107p
630 _xGeneral Stack
650 _aMalayalam Literature
_vMalayalam EssaysMalayalam
942 _cBOOK
999 _c97409
_d97409